Les plus grandes aires urbaines du monde - Statistiques

Statistiques générales
  • Ce quiz a été pris 187 fois
  • Le résultat moyen est 18 sur 25
Statistiques - réponses
RANG PAYS POP. AGGLOMERATION % Correct
1 Japon 42 796 714 Tokyo
99%
15 Mexique 21 634 279 Mexico
93%
12 Etats-Unis 22 589 036 New-York
92%
5 Inde 26 454 086 Delhi
90%
14 Chine 21 893 095 Pékin
90%
8 Egypte 24 439 785 Le Caire
88%
9 Inde 24 337 933 Bombay
87%
24 Argentine 15 095 458 Buenos Aires
87%
25 Turquie 15 067 724 Istanbul
87%
19 Etats-Unis 18 711 436 Los Angeles
82%
16 Russie 20 215 638 Moscou
82%
6 Corée du Sud 26 000 782 Séoul
82%
7 Chine 24 870 895 Shanghai
82%
3 Indonésie 35 143 473 Jakarta
77%
4 Philippines 28 644 207 Manille
70%
18 Thaïlande 18 927 786 Bangkok
69%
17 Japon 19 777 590 Osaka
69%
20 Bangladesh 18 615 648 Dacca
67%
11 Nigeria 22 829 561 Lagos
65%
23 Iran 15 980 037 Téhéran
63%
21 Inde 16 681 589 Calcutta
61%
10 Chine 23 426 128 Canton
59%
22 Pakistan 16 625 813 Karachi
49%
13 Chine 22 251 500 Chongqing
18%
2 Brésil 36 315 271 Sao Paolo
12%
Aucun quiz correspondant
Distribution des résultats
% des personnes avec chaque résultat
Percentile par nombre de réponses
Votre historique - résultats
Vous n’avez pas pris ce quiz